000 00224nam a2200097Ia 4500
008 220204s9999 xx 000 0 und d
082 _a82-3HB
_bDIX
100 _aDixon, Franklin W
245 0 _aShore road mystery
942 _cBK
999 _c37609
_d37609